Stades de Bundesliga 2021-2022 - Statistiques

Statistiques générales
  • Ce quiz a été pris 40 fois
    5 depuis la dernière actualisation
  • Le résultat moyen est 4 sur 18
Statistiques - réponses
Ville Capacité Nom du stade % Correct
Munich 75 025 Allianz Arena
100%
Berlin 74 475 Olympiastadion
60%
Dortmund 81 365 Signal Iduna Park
60%
Leipzig 42 959 Red Bull Arena
40%
Mönchengladbach 54 067 Stadion im Borussia Park
40%
Gelsenkirchen 62 271 Veltins Arena
40%
Leverkusen 30 210 BayArena
20%
Stuttgart 60 441 Mercedes-Benz Arena
20%
Augsbourg 30 662 WWK Arena
20%
Francfort-sur-le-Main 51 500 Commerzbank Arena
0%
Mayence 34 034 Opel Arena
0%
Sinsheim Hoffenheim 30 150 PreZero Arena
0%
Cologne 50 374 RheinEnergieStadion
0%
Fribourg 25 000 Schwarzwald Stadion
0%
Berlin 22 012 Stadion An der Alten Försterei
0%
Wolfsburg 30 000 Volkswagen Arena
0%
Bochum 29 599 Vonovia Ruhrstadion
0%
Brême 42 500 Wohninvest Weserstadion
0%
Aucun quiz correspondant
Distribution des résultats
% des personnes avec chaque résultat
Percentile par nombre de réponses
Votre historique - résultats
Vous n’avez pas pris ce quiz depuis la dernière actualisation